| 000 | 00416nam a22001697a 4500 | ||
|---|---|---|---|
| 005 | 20180613153611.0 | ||
| 008 | 160526b xxu||||| |||| 00| 0 eng d | ||
| 020 | _a81-85989-74-5 | ||
| 041 | _aeng | ||
| 082 |
_b5310 _a657.046 |
||
| 100 |
_aMittal D.K. & others _94358 |
||
| 245 | _aCost Accounting | ||
| 260 |
_aNew Delhi _bAcademic Faundation _c2001 |
||
| 300 | _a1329 | ||
| 650 |
_aManagement _9241 |
||
| 942 | _cBK | ||
| 999 |
_c1862 _d1861 |
||